00740 a2200385 4500000002100000001000700021005001700028008004100045010000500086020000500091082001600096100001800112110000500130245005600135250001200191260002900203300001000232490000700242500000500249600000500254610000500259611000500264630000500269650000500274651000500279654000500284700002200289710000900311711000500320720000500325730000500330740000500335752000500340856000900345BKB 06953020200902150314.0  a a a658.5bC45S1 aChopra, Sunil a1 aSupply chain managementcby Sunil Chopra...[et.al.] a4th ed. aNew DelhibPearsonc2010 a555p. av a a a a a a a a aMeindl, Peterbc abc a a a a a adf